00519nam a2200181Ia 4500999001700000003000400017005001700021008004100038020001800079040000900097082001900106100002300125245007500148260004100223300000900264650002000273942004400293 c14123d14123OSt20201015111146.0190216s9999||||xx |||||||||||||| ||und|| a9780140586671 coclc a823.914bNAR/M aNarayan, R K94797 0aMalgudi Landscapes The Best Of R K Narayan /cR K Narayan , Krishnan S bPenguin Books ,c1992.aNew Zealand: a398p aEnglish General cBK2ddch823.914iNAR/Mk823.914mNAR/M